000
00281 a2200121 4500
000
nam a22 7a 4500
020
_a
9781484277287
100
_a
Panesar,Arjun
_9
83
245
_a
Machine learning and AI for healthcare
250
_a
2
260
_b
Apress
_c
2021
264
_b
Apress
999
_c
35939
_d
35939